00234 a2200109 4500001000700000020000600007040001100013100000600024240004500030245004000075362000900115161702 a  cMagnum a-10aCurriculos para prevencao de drogaslpor10aCurriculos para prevencao de drogas0 a1899